| 000 | 00463nam a22001817a 4500 | ||
|---|---|---|---|
| 005 | 20231106150512.0 | ||
| 008 | 231106b |||||||| |||| 00| 0 eng d | ||
| 020 | _a978-81-94726-93-7 | ||
| 041 | _aeng | ||
| 082 | _a631.4 | ||
| 100 |
_aSATHYANARAYANA, EETELA AND OTHERS _98235 |
||
| 245 | _aSOIL SCIENCE TREATISE [4TH, ED.] | ||
| 250 | _a4TH, ED. | ||
| 260 |
_aDELHI _bJAYA PUBLISHERS HOUSE _c2021 |
||
| 300 | _a347;p | ||
| 650 | _aAGRICULTURE | ||
| 942 | _cBK | ||
| 999 |
_c8460 _d8458 |
||